000 00801cam a22002295a 4500
001 L154775
008 120118s2012 xxko f 000 0 eng d
020 _a9781848062412
035 _a(Sirsi) u154775
041 0 _aeng
100 1 _aWestlake, Jim
245 0 0 _aSelecting electronic security systems
_ban introduction
260 _aWatford
_bBRE
_c2012
300 _a6p.
_bill.
_c30cm.
490 0 _aBRE Information Paper
_v(1/12)
520 _aDiscusses electronic security systems for a ranged of premises, and includes information on intruder alarms, automatic access control systems, CCTV, integrated systems, remote monitoring, maintainance and false alarms.
521 _aAdvanced
590 _aKA
651 4 _aUnited Kingdom
_y
690 _aFacilities management
_96240
942 _n0
999 _c113143
_d113143